01520nam a2200337 i 4500001001000000003000900010005001700019007000300036008004100039020001800080040002500098082002500123100007100148245006000219264004400279300004500323336002700368337003300395338002900428500006400457500002400521590002700545650002700572650003100599910003700630942001400667952016700681952016100848952015601009999001701165000046500DO-SdBNP20240530073923.0ta091021s2015 dr a 000 f spa d z9789945410785 aDO-SdBNPbspacBNPHU 4aRD863.44bM896ca2221 a Moscoso Puello, F. E., q (Francisco Eujenio)d1885-195995836110aCañas y bueyes :bnovela /cFrancisco Moscoso Puello. aSanto Domingo :bLetragráfica,c2015. a196 páginas :bilustraciones ;c23 cm. 2rdacontentatextobtxt 2rdamediaasin mediaciónbn 2rdacarrier avolumenbnc aIncluye datos biográficos del autor en la contracubierta. aEdición abreviada aInventariado, 2023/MFF 0aNovela dominicana9223 0aLiteratura dominicana.967 aValidado. Control de calidad MFF 2ddccLBS1 00102ddc51708DSaBNPHUbBNPHUcHDd2015-08-20eDepósito legall0oBNPHU DS RD863.44 M896cap46500-30r2020-06-25te. 3w2020-06-25yLBS1ZPréstamo interno 00102ddc51708PDaBNPHUbBNPHUcHDd2015-08-20eDepósito legall0oBNPHU PD RD863.44 M896cap46500-10r2020-06-25te. 2w2020-06-25yLBS1ZNo se presta 00102ddc51708PDaBNPHUbBNPHUcHDd2015-08-20eDepósito legall0oBNPHU PD RD863.44 M896cap46500-20r2020-06-25w2020-06-25yLBS1ZNo se presta c45989d45989